000 00658nam a2200193Ia 4500
003 GCL
008 140319s9999 xx 000 0 ara d
040 _aGCL /
_cGCL
082 0 4 _a341
_bس ت
100 1 _aسامية راشد
245 1 0 _aالتحكيم فى اطار المركز الاقليمى بالقاهرة ومدى خضوعه للقانون المصرى /
_cسامية راشد
260 _a[S.N] :
_bمنشاة المعارف الاسلامية ،
_c1986
300 _a265 ص
490 _a
650 0 4 _aالقانون الدولى
650 0 4 _aالتحكيم الدولى
650 0 4 _aالتحكيم القضائى
942 _2ddc
_cBK
999 _c57966
_d57966